| 000 | 00641nam a2200181 a 4500 | ||
|---|---|---|---|
| 001 | BRCA_1856 | ||
| 005 | 20190320203558.0 | ||
| 008 | 050608s1989----mx-a---###---#000-0#spa-# | ||
| 020 | _a9683612091 | ||
| 050 | 4 |
_aN910.M37 _b.M97 1989 |
|
| 245 | 1 | 0 | _aMuseo Paleontológico Pie de Vaca. |
| 260 |
_aMéxico _bUNAM, Centro de Investigación y Servicios Museológicos, Coordinación de Difusión Cultural _c1989 |
||
| 300 |
_a1 v. (sin paginación) _bil. _c21 cm. |
||
| 440 | 0 |
_aMuseos _95756 |
|
| 504 | _aBibliografía: p. 36 | ||
| 610 | 2 | 4 |
_aMuseo Paleontológico Pie de Vaca _vGuías _zTepexi de Rodríguez (Puebla, México) _95757 |
| 942 |
_2lcc _cB |
||
| 999 |
_c1634 _d1634 |
||